| 000 | 00937cam a2200265 i 4500 | ||
|---|---|---|---|
| 003 | EG-ScBUE | ||
| 005 | 20240407095418.0 | ||
| 008 | 120516t2012 enkabc f b 001 0 eng d | ||
| 020 | _a9781848852785 | ||
| 040 |
_aEG-ScBUE _beng _erda _cEG-ScBUE _dEG-ScBUE |
||
| 082 | 0 | 4 |
_a953.6 _bCOM _222 |
| 100 | 1 |
_aCommins, David Dean, _eauthor. _932244 |
|
| 245 | 1 | 4 |
_aThe Gulf States : _ba modern history / _cDavid Commins. |
| 264 | 1 |
_aLondon : _bI. B. Tauris, _c2012. |
|
| 300 |
_axiii, 318 pages : _billustrations, maps, portraits ; _c24 cm |
||
| 336 |
_2rdacontent _atext _btxt |
||
| 337 |
_aunmediated _2rdamedia _bn |
||
| 338 |
_avolume _bnc _2rdacarrier |
||
| 504 | _aIncludes bibliographical references and index. | ||
| 651 | 7 |
_aPersian Gulf States _xHistory. _2BUEsh _932245 |
|
| 651 | 7 |
_aPersian Gulf States _xPolitics and government. _2BUEsh _932246 |
|
| 653 |
_bBUSBOL _cJanuary2013 _cOctober2018 |
||
| 655 | _vReading book | ||
| 942 |
_2ddc _cBB |
||
| 999 |
_c17194 _d17166 |
||